Visible learning for teachers. Maximizing Impact on Learning
সংরক্ষণ করুন:
| প্রধান লেখক: | |
|---|---|
| বিন্যাস: | গ্রন্থ |
| ভাষা: | ইংরেজি |
| প্রকাশিত: |
Nueva York
Routledge
2012
|
| সংস্করন: | 1a. ed |
| বিষয়গুলি: | |
| ট্যাগগুলো: |
ট্যাগ যুক্ত করুন
কোনো ট্যাগ নেই, প্রথমজন হিসাবে ট্যাগ করুন!
|
MARC
| LEADER | 00000cam a2200000 a 4500 | ||
|---|---|---|---|
| 001 | UCE8642 | ||
| 003 | CL-VaPUC | ||
| 005 | 20210908130752.0 | ||
| 008 | 150820e20120000us |||||||||||||||||eng|d | ||
| 999 | |c 360434 |d 360432 | ||
| 020 | |a 9780415690140 | ||
| 040 | |c Pontificia Universidad Católica de Valparaíso | ||
| 082 | 0 | 4 | |a 370.15 |b HAT |2 21 |
| 100 | |a Hattie, John A. C |e author |9 571499 | ||
| 245 | 1 | 0 | |a Visible learning for teachers. |b Maximizing Impact on Learning |
| 250 | |a 1a. ed | ||
| 260 | |a Nueva York |b Routledge |c 2012 | ||
| 300 | |a 286 p | ||
| 583 | |a last modification |c 20160426 05:14:38 |k Rodrigo Vera | ||
| 650 | 0 | |a Aprendizaje visual |9 562733 | |
| 650 | 0 | |a Métodos de enseñanza |9 270413 | |
| 650 | 0 | |a Psicología educacional |9 307830 | |
| 942 | |c BK |2 ddc | ||
| 945 | |d 20150820 22:36:00 |a gsalatino | ||
| 952 | |0 0 |1 0 |3 erb |4 0 |6 370_150000000000000_HAT_2012 |7 0 |8 A |9 470255 |a FDOPOS |b FDOPOS |i 5194563 |o 370.15 HAT 2012 |p 5194563 |r 2025-01-22 |w 2019-11-23 |y BK |z Catalogado en:20150820 |k MED | ||
| 952 | |0 0 |1 0 |3 erb |4 0 |6 370_150000000000000_HAT_2012 |7 0 |8 A |9 470256 |a FDOPOS |b FDOPOS |i 5194571 |o 370.15 HAT 2012 |p 5194571 |r 2025-01-22 |w 2019-11-23 |y BK |z Catalogado en:20150820 |k MED | ||